Civil War Dates - Statistics

General Stats
  • This quiz has been taken 4 times
  • The average score is 12 of 16
Answer Stats
Civil War Leaders Dates % Correct
English Civil War King Charles I, Oliver Cromwell 1642 - 1651
100%
American Civil War Abraham Lincoln, Jefferson Davis 1861 - 1865
100%
Russian Civil War Vladimir Lenin, Alexander Kolchak 1917 - 1922
100%
Irish Civil War Michael Collins, Éamon De Valera 1922 - 1923
100%
Spanish Civil War Francisco Franco, Manuel Azaña 1936 - 1939
100%
Cuban Revolution Fidel Castro, Fulgencio Batista 1952 - 1959
100%
Vietnam War Hồ Chí Minh, Ngô Đình Diệm 1955 - 1975
100%
Mexican Revolution Pancho Villa, Emiliano Zapata 1910 - 1920
75%
Greek Civil War King Paul, Nikos Zachariadis 1946 - 1949
75%
Angolan Civil War Agostinho Neto, Jonas Savimbi 1975 - 2002
75%
Incan Civil War (Hint: Think about who might have been able to record it) Atahualpa, Huáscar 1529 - 1532
50%
Biafran War Yakubu Gowon, Chukwuemeka Ojukwa 1967 - 1970
50%
Liberators' Civil War Mark Antony, Marcus Brutus 43 - 42 BC
50%
Taiping Rebellion Hong Xiuquan, Xianfeng Emperor 1850 - 1864
25%
Boshin War Emperor Meiji, Tokugawa Yoshinobu 1868 - 1869
25%
Three Kingdoms Period Liu Bei, Cao Pi 220 - 280
25%
No matching quizzes found
Score Distribution
Percent of People with Each Score
Percentile by Number Answered
Your Score History
You have not taken this quiz